000 00273nam a2200109Ia 4500
008 220204s9999 xx 000 0 und d
082 _a301
_bPET
100 _aPeterson, Wilfred A
245 4 _aThe Art of living
260 _aNew York
_bSimon and Schuster
_c1966
942 _cBK
999 _c32089
_d32089